000
00287nam a22001217a 4500
008
170511b xxu||||| |||| 00| 0 eng d
041
_a
eng
080
_2
4TH
_a
342
100
_a
15
101
_a
SHJ
245
_a
CASES AND MATERIALS ON THE LAW OF TORTS
_c
CHRISTIE, G.C
942
_2
udc
_c
BK
999
_c
13255
_d
13255